000 00501nam a2200133Ia 4500
005 20260209120149.0
008 260209s9999||||xx |||||||||||||| ||und||
100 _aB Sumeeran
245 0 _aInvestor-state dispute resolution system - the way forward
260 _aBangaloreBangalore
_bNLSIU, Bangalore
_c2023 - 2024
300 _a29 p. ; 25 cm.
700 _aProf. Dr. Govindraj G. Hegde - SupervisorProf. Dr. Govindraj G. Hegde - Supervisor
856 _uhttps://dans.nls.ac.in/handle/123456789/2177
999 _c217652
_d217652